000 00717nam a2200217Ia 4500
001 15166
003 GE_BSU
008 181216s||||||||xx |||||||||||||| ||und||
040 _cGE_BSU
080 _a821.353.1-4
100 _aშანშაშვილი, დიმიტრი
245 _aლენინგრადის ცის ქვეშ
245 _bმხატვრ. ნარკვევი
245 _cრედ: ლ.გეგელია; მხატვ:რ. მახარაძე
260 _aთბილისი.
260 _bნაკადული
260 _c1964
300 _a114გვ;20სმ.
653 _aმხატვრ. ნარკვევი
942 _cBK
999 _c48281
_d48281